00322nam a2200121Ia 4500008004100000041000800041082001600049100001900065245004500084260002800129300003200157365001100189240624s9999 xx 000 0 und d aeng a303.482 BRO aBROWNE STEPHEN aAID AND INFLUENCE DO DONORS HELP OR HIND c2007aLondonbEarthscan axvii, : 172 : p. : cm. ; 23 cRSb30